Lenguaje y comunicación 8: texto para el profesor
Saved in:
| Main Authors: | , , |
|---|---|
| Format: | Bog |
| Sprog: | spansk |
| Udgivet: |
Santiago
Arrayán
2001
|
| Serier: | Sector Lenguaje y Comunicación
|
| Fag: | |
| Tags: |
Tilføj Tag
Ingen Tags, Vær først til at tagge denne postø!
|
MARC
| LEADER | 00000nam a2200000 a 4500 | ||
|---|---|---|---|
| 001 | UCL1941 | ||
| 003 | CL-VaPUC | ||
| 008 | 030926e20010000CL |||||||||||||||||spa|d | ||
| 020 | |a 9562403068 | ||
| 082 | 0 | 4 | |a 372.6 |b ORT |2 21 |
| 100 | |a Ortúzar Meza, Carmen |e autora |9 544982 | ||
| 700 | 0 | |a Rodríguez Aguirrezábal, Ignacio |e author |9 478936 | |
| 700 | 0 | |a Saavedra Segura, Ana Cecilia |e author |9 478937 | |
| 245 | 1 | 0 | |a Lenguaje y comunicación 8: texto para el profesor |
| 300 | |a 184 p | ||
| 942 | |c BK | ||
| 945 | |d 20030926 00:00:00 |a cmena | ||
| 260 | |a Santiago |b Arrayán |c 2001 | ||
| 650 | 0 | |a Educación lingüística |9 306506 | |
| 650 | 0 | |a Educación básica |9 224933 | |
| 650 | 0 | |a Libros de texto |9 270019 | |
| 650 | 0 | |a Métodos de enseñanza |9 270413 | |
| 583 | |a last modification |c 20160907 03:31:32 |k Rodrigo Vera | ||
| 490 | 0 | |a Sector Lenguaje y Comunicación | |
| 999 | |c 305374 |d 305372 | ||
| 952 | |0 0 |1 0 |4 0 |6 372_600000000000000_ORT_2001 |7 0 |8 P |9 368991 |a BIBEDU |b BIBEDU |d 2019-11-21 |i 3945456 |o 372.6 ORT 2001 |p 3945456 |r 2019-11-21 |w 2019-11-21 |y BK |k EBA | ||
| 952 | |0 0 |1 0 |4 0 |6 372_600000000000000_ORT_2001 |7 0 |8 P |9 368992 |a BIBEDU |b BIBEDU |c BIBEDU_PB |d 2019-11-21 |i 3945480 |o 372.6 ORT 2001 |p 3945480 |r 2024-01-25 |w 2019-11-21 |y BK |k EBA | ||
| 952 | |0 0 |1 0 |4 0 |6 372_600000000000000_ORT_2001 |7 0 |8 P |9 368993 |a BIBEDU |b BIBEDU |d 2019-11-21 |i 3945502 |o 372.6 ORT 2001 |p 3945502 |r 2019-11-21 |w 2019-11-21 |y BK |k EBA | ||